000 00568nam a2200229Ia 4500
003 OSt
005 20220928140201.0
006 a|||||r|||| 00| 0
007 ta
008 220927b |||||||| |||| 00| 0 eng d
024 _a7390
037 _cTextual
040 _aSDCL
_cSDCL
_beng
041 _2eng
_aeng
082 _aO-,2M71x, K3
100 _aSynge J M
_9494532
245 0 _aPlays and poems.
260 _c1963
700 _a Henn T R Ed.
_9494533
942 _hO-,2M71x, K3
_cTEXL
_2CC
999 _c810474
_d810474